| 000 | 00784cam a22002771 4500 | ||
|---|---|---|---|
| 001 | 30253 | ||
| 005 | 20230410120711.0 | ||
| 008 | 750113s1977 sp 000 0 spa | ||
| 035 | _9(DLC) 74219850 | ||
| 035 | _a9477709 | ||
| 010 | _a74219850 | ||
| 020 | _a8424501942 | ||
| 040 |
_aDLC _cNmU _dDLC |
||
| 042 | _apremarc | ||
| 050 | 1 | 4 |
_aHQ 743 _bC236c 1977 |
| 100 | 2 | _aCaparrós Sánchez, Nicolás. | |
| 245 | 1 | 0 |
_aCrisis de la familia; _brevolución del vivir / _cNicolás Caparrós. |
| 260 |
_aMadrid : _bEditorial Fundamentos, _c1977. |
||
| 300 |
_a169 p. _billus. _c21 cm. |
||
| 504 | _aIncludes bibliographies. | ||
| 650 | 0 | _aFamily. | |
| 650 | 0 | _aInterpersonal relations. | |
| 650 | 0 |
_aFamily _xHistory. |
|
| 942 |
_2lcc _cbk |
||
| 985 | _eOCLC REPLACEMENT cdsdistr | ||
| 999 |
_c50158 _d50158 |
||